Catálogo público

Patología y terapéutica especiales de los animales domésticos (Record no. 17921)

MARC details
000 -CABECERA
campo de control de longitud fija 01619nam a22003977a 4500
003 - IDENTIFICADOR DEL NÚMERO DE CONTROL
campo de control CHAP
005 - FECHA Y HORA DE LA ÚLTIMA TRANSACCIÓN
campo de control 20220329134253.0
008 - DATOS DE LONGITUD FIJA--INFORMACIÓN GENERAL
campo de control de longitud fija 971013c19731968 r 00010 d
010 ## - NÚMERO DE CONTROL DE LA BIBLIOTECA DEL CONGRESO
Número de control de LC 17921
011 ## - ENLACE DEL NUMERO DE CONTROL DE LA BIBLIOTECA DEL CONGRESO [OBSOLETO]
Número de control de LC 18893
035 ## - NÚMERO DE CONTROL DEL SISTEMA
Número de control de sistema 22978
040 ## - FUENTE DE LA CATALOGACIÓN
Centro/agencia transcriptor CHAP
082 ## - NÚMERO DE LA CLASIFICACIÓN DECIMAL DEWEY
Número de clasificación 636.0896
Número de documento/Ítem H88Y 1968
100 00 - ENTRADA PRINCIPAL--NOMBRE DE PERSONA
Nombre de persona Hutyra, Franz.
9 (RLIN) 57048
245 ## - MENCIÓN DE TÍTULO
Título Patología y terapéutica especiales de los animales domésticos
250 ## - MENCIÓN DE EDICIÓN
Mención de edición 2 ed.
260 ## - PUBLICACIÓN, DISTRIBUCIÓN, ETC.
Lugar de publicación, distribución, etc. Barcelona :
Nombre del editor, distribuidor, etc. Labor,
Fecha de publicación, distribución, etc. 1973 (c.1968)
300 ## - DESCRIPCIÓN FÍSICA
Extensión 2 v.
Otras características físicas : ilus.
500 ## - NOTA GENERAL
Nota general Trad. de la 11 ed. en alemán
505 ## - NOTA DE CONTENIDO CON FORMATO
Nota de contenido con formato Contenido : v.1 Enfermedades infecciosas, por Rudolf Manninger .- v.2 Enfermedades de los órganos, por Josef Marek
590 ## - NOTA LOCAL (RLIN)
Nota local BATCH-UPD
Procedencia (VM) [OBSOLETO] 10
Condición del los carretes individuales (VM) [OBSOLETO] 20130110
-- UCH01
-- 1414
590 ## - NOTA LOCAL (RLIN)
Nota local BATCH-UPD
Procedencia (VM) [OBSOLETO] 10
Condición del los carretes individuales (VM) [OBSOLETO] 20130410
-- UCH01
-- 0859
590 ## - NOTA LOCAL (RLIN)
Nota local BATCH-UPD
Procedencia (VM) [OBSOLETO] 10
Condición del los carretes individuales (VM) [OBSOLETO] 20130914
-- UCH01
-- 1744
590 ## - NOTA LOCAL (RLIN)
Nota local CONVERSION
Procedencia (VM) [OBSOLETO] 10
Condición del los carretes individuales (VM) [OBSOLETO] 20130109
-- UCH01
-- 1311
650 14 - PUNTO DE ACCESO ADICIONAL DE MATERIA--TÉRMINO DE MATERIA
Término de materia o nombre geográfico como elemento de entrada Patología veterinaria.
9 (RLIN) 86194
700 0# - PUNTO DE ACCESO ADICIONAL--NOMBRE DE PERSONA
Nombre de persona Manninger, Rudolf.
9 (RLIN) 70525
700 0# - PUNTO DE ACCESO ADICIONAL--NOMBRE DE PERSONA
Nombre de persona Marek, Josef.
9 (RLIN) 71322
901 ## - ELEMENTOS DE DATOS A LOCAL LDA (RLIN)
a BK
942 ## - ELEMENTOS DE PUNTO DE ACCESO ADICIONAL (KOHA)
Tipo de ítem Koha Libro
949 ## - PROCESAMIENTO DE INFORMACIÓN LOCAL (OCLC)
a 636.0896 H88Y 1968
b BC
c LIBRO
d 33724000093068
e LIBRO
f v.2
h 35443
i 22978
s i
949 ## - PROCESAMIENTO DE INFORMACIÓN LOCAL (OCLC)
a 636.0896 H88Y 1968
b BC
c LIBRO
d 33724000093076
e LIBRO
f v.2 c.2
h 35444
i 22978
s i
949 ## - PROCESAMIENTO DE INFORMACIÓN LOCAL (OCLC)
a 636.0896 H88Y 1968
b BC
c LIBRO
d 33724000093084
e LIBRO
f v.2 c.3
h 53550
i 22978
s i
949 ## - PROCESAMIENTO DE INFORMACIÓN LOCAL (OCLC)
a 636.0896 H88Y 1968
b BC
c LIBRO
d 33724000868725
e LIBRO
f v.1 c.2
h 35442
i 22978
s i
949 ## - PROCESAMIENTO DE INFORMACIÓN LOCAL (OCLC)
a 636.0896 H88Y 1968
b BC
c LIBRO
d 33724000920625
e LIBRO
f v.1
h 35441
i 22978
s i
949 ## - PROCESAMIENTO DE INFORMACIÓN LOCAL (OCLC)
a 636.0896 H88Y 1968
b BC
c LIBRO
d 33724002202644
e LIBRO
f v.1 c.3
h 52625
i 22978
s i
Holdings
Estado de retiro Estado de pérdida Fuente del sistema de clasificación o colocación Estado dañado Restricciones de uso No para préstamo Código de colección Localización permanente Ubicación/localización actual Ubicación en estantería Fecha de adquisición Información codificada de la localización en otra ubicación Total de préstamos Signatura topográfica completa Código de barras Fecha visto por última vez Número de copia Precio válido a partir de Tipo de ítem Koha Renovaciones totales Fecha del último préstamo
    Dewey Decimal Classification   Préstamo 15 días   General Biblioteca Central Biblioteca Central Planta principal - Colección General 31/12/2019 LIBRO   636.0896 H88Y 1968 33724000093068 31/12/2019 v.2 31/12/2019 Libro    
    Dewey Decimal Classification   Préstamo 15 días   General Biblioteca Central Biblioteca Central Planta principal - Colección General 31/12/2019 LIBRO   636.0896 H88Y 1968 33724000093076 31/12/2019 v.2 c.2 31/12/2019 Libro    
    Dewey Decimal Classification   Préstamo 15 días   General Biblioteca Central Biblioteca Central Planta principal - Colección General 31/12/2019 LIBRO   636.0896 H88Y 1968 33724000093084 31/12/2019 v.2 c.3 31/12/2019 Libro    
    Dewey Decimal Classification   Préstamo 15 días   General Biblioteca Central Biblioteca Central Planta principal - Colección General 31/12/2019 LIBRO 2 636.0896 H88Y 1968 33724000868725 14/06/2023 v.1 c.2 31/12/2019 Libro 2 29/05/2023
    Dewey Decimal Classification   Préstamo 15 días   General Biblioteca Central Biblioteca Central Planta principal - Colección General 31/12/2019 LIBRO 2 636.0896 H88Y 1968 33724000920625 05/07/2023 v.1 31/12/2019 Libro 2 02/06/2023
    Dewey Decimal Classification   Préstamo 15 días   General Biblioteca Central Biblioteca Central Planta principal - Colección General 31/12/2019 LIBRO 1 636.0896 H88Y 1968 33724002202644 13/07/2023 v.1 c.3 31/12/2019 Libro 1 07/07/2023